Movies Quiz

Random Movies or Blitz Quiz
Score 0/6 Timer 00:15
0 Plays Today
% Correct
Dinner
98.8%
Winter
97.6%
Story
97.4%
Queen
97.4%
Baby
97.2%
Pond
97.2%
Remove Ads.
Support Sporcle.
Get the best of Sporcle when you Go Orange. This ad-free experience offers more features, more stats, and more fun while also helping to support Sporcle. Thank you for becoming a member.

You're not logged in!

Compare scores with friends on all Sporcle quizzes.
OR
Log In

Show Comments

Extras

Top Quizzes Today


Score Distribution

Your Account Isn't Verified!

In order to create a playlist on Sporcle, you need to verify the email address you used during registration. Go to your Sporcle Settings to finish the process.

Report this User

Report this user for behavior that violates our Community Guidelines.

Details: